| 000 | 01203nam0a2200313 i 4500 | ||
|---|---|---|---|
| 001 | RU\NLR\BIBL_A\010517043 | ||
| 005 | 20240921120335.0 | ||
| 010 |
_a9785386075743. _94000 |
||
| 021 |
_aRU _b2014-63085 _93841 |
||
| 035 | _a(NLR Aleph) 010517043 | ||
| 090 |
_a10199899 _c10199899 |
||
| 100 | _a20141030d2014 u y0rusy50 ca | ||
| 101 | 0 | _arus | |
| 102 | _aRU | ||
| 105 | _aa z 000yy | ||
| 200 | 1 |
_aХолодные и горячие закуски _eготовим, как профессионалы! _fКривцова А.В. |
|
| 210 |
_aМосква _cРипол классик _d2014 |
||
| 215 |
_a254, [1] с., [4] л. цв. ил. _d20 |
||
| 225 | 1 | _aКулинарные секреты | |
| 300 | _aНа обл. авт. не указан | ||
| 517 | 1 | _aГотовим, как профессионалы! | |
| 606 | 1 |
_aЗакуски холодные _xРецептура _92096271 _3RU\NLR\AUTH\661268315 |
|
| 606 | 1 |
_aЗакуски горячие _xРецептура _92082793 _3RU\NLR\AUTH\661258822 |
|
| 686 | 1 | _aЛ991.4 | |
| 700 | 1 |
_aКривцова _bА. В. _gАнастасия Владимировна |
|
| 942 | _cBOOK | ||
| 980 | _aNBR | ||